Quizzes
Events
Quiz Creation
Community
Videos
Private Events
Remove Ads
Sign In
Join for FREE
Feedback
Dark Mode
Quiz Categories
Sports
Geography
Music
Movies
Television
Just For Fun
Miscellaneous
History
Literature
Language
Science
Gaming
Entertainment
Religion
Holiday
For Kids
Quiz Lab
Recent
Popular Today
Quiz Kudos Today
Editor Picks
Curator Picks
Quizzes by...
Day
Popularity
Type
Ratings
Length
Year
Community
Subscriptions
Recent Discussions
Orange Saloon
Badges
Playlists
Quests
Create
Leaderboards
Showdown
Live 5
Trivia Bingo
Activity
Puzzle Library
Sporcle Events
Private Events
Virtual Trivia
Globe League
Become a Host
Pub Owners
SporcleCon
Opinionation
Our Games
Videos
Blog
Mobile Apps
Partnerships
Remove Ads and Go Orange
Feedback
Television
TV Characters
TV Show
Sitcom
Network
Friends
Reality Shows
Cast
South Park
Star Trek
The Simpsons
Doctor Who
Television
TV Characters
TV Show
Sitcom
Network
Friends
Reality Shows
Cast
South Park
Star Trek
The Simpsons
Doctor Who
Random Quiz
Search Sporcle
×
Editor Pick
Editor Pick
Television
TV Characters
Select answers by clicking on text or image buttons
Select answers by clicking on text or image buttons
Clickable
Best Score? Go Orange.
Seinfeld Character Match Up Stats
Can you match the names of the Seinfeld characters?
By
SeanPool
3m
22 Questions
3,442 Plays
3,442 Plays
3,442 Plays
Comments
Comments
Give Quiz Kudos
Give Quiz Kudos
-
- Ratings
hide this ad
Replay
Link that replays current quiz
Next Quiz
Link to next quiz in quiz playlist
You Got
0%
They Got
Avg Score
80%
Avg Friend Score
Upgrade to see
Score Distribution
Jump to the score distribution portion of the page
Score
0/22
Timer
03:00
0
Plays Today
% Correct
George
98.8%
Jerry
98.7%
Cosmo
98.1%
Elaine
97.4%
Frank
95.4%
Estelle
93.9%
Morty
93.6%
Helen
86%
Babu
85.3%
David
85.2%
Jacopo (J.)
82.2%
% Correct
Susan
79.9%
Tim
79.6%
Kenny
78.8%
Jackie
76.8%
Joe
75.1%
Lloyd
72.5%
Mickey
63.6%
Alton
61.7%
Justin
58.6%
Russell
57.8%
Ruthie
55.2%
Quiz Playlist
Details
Report
Send in Message
Add To Playlist
Clickable:
Select answers by clicking on text or image buttons
Last Updated: Sep 3, 2017
Editor Pick in
Television
Quiz Scoreboard
CHALLENGE
Sign Up to Join the Scoreboard
Show All
Scores
Hide
Comments
May contain spoilers
Recently Published
1-10 Letter E Words III
by El_Dandy
Language
2m
One Thing in Common: World Cities II
by knightlancer
Geography
7m
Popular People in 1961
by mucciniale
History
6m
More to Explore
Quiz From the Vault
Featured Blog Post
Where Did the Easter Bunny Come From?
hide this ad
You Might Also Like...
Tags
Clickable Quiz
TV Characters Quiz
Character
Seinfeld
US Sitcoms
Today's Top Quizzes in Television
Browse Television
hide this ad
Today's Top Quizzes in TV Characters
Browse TV Characters
Top Contributed Quizzes in Television
1
One Piece Logic Puzzle
2
Survivor Logic Puzzle: Heroes vs. Villains
3
Survivor Seasons
4
Survivor Season by Logo
5
Ultimate Survivor Logic Puzzle
6
Survivor Logic Puzzle: Winners at War
7
Survivor Trivia
8
Survivor Heroes vs. Villains Logic Puzzle
9
All US Survivor Seasons in Order
10
Emmerdale Characters (from August 2012)
Explore More
Trending Topics
Disney
Harry Potter
NBA
Crossword
Marvel
Kpop
Anime
The Office
WWE
Puzzle
Song
Country
Soccer
Pokémon
NFL
hide this ad
More By:
SeanPool
Quiz
Plays
Rating
Category
Featured
Created
Seinfeld Character Match Up
3,442
4.62
Television
Dec 6, 2015
Number 1 Overall NBA Draft Pick?
2,016
3.00
Sports
Dec 7, 2015
Seinfeld: Who Said It?
1,637
4.57
Entertainment
Apr 11, 2017
NBA Alma Mater Match
714
4.20
Sports
Dec 6, 2015
Seinfeld: Who Said it?
361
3.67
Entertainment
Jan 2, 2016
Go to Creator's Profile
Score Distribution
Quiz Creator Spotlight
SeanPool
Follow
Send a Message
Quizzes Created
-
Created Quiz Play Count
-
More By This Creator
Popular Quizzes Today
1
Find the US States - No Outlines Minefield
2
The Countries of the World
3
Popular People in 1961
4
Find the Countries of Europe - No Outlines Minefield
5
1-10 Letter E Words III
6
Find the US States
7
One Thing in Common: World Cities II
8
US States
More Television Quizzes
TV Shows by Game of Thrones 'House'
Published
Trending Quizzes
1-10 Letter F Words
One Thing in Common: Music
1-10 Letter G Words
Risky Map Clicking: Next State Alphabetically
1-10 Letter F Words II
Recently Updated
Leaping Animals
pecheneg
Reality TV Shows (A-Z)
bhenderson79
Rickey Henderson's Hall of Fame Teammates
pecheneg
Champions League XIs: Arsenal
pecheneg
Quick Pick: Celebrities in WWE's Hall of Fame
aduchscher
A-Z Keypad Blitz II
pecheneg
Multiple Oscar Actors
pecheneg
Mystery Phrase Blitz: Oscar 'Best Actors'
pecheneg
F. Scott Fitzgerald Novels
LTH
Pick 3 Villains
ddd62291
Trending Topics
Marvel
Harry Potter
Crossword
Anime
Kpop
Disney
NBA
Country
The Office
Puzzle
NFL
WWE
Soccer
Song
Pokémon
Your Account Isn't Verified!
In order to create a playlist on Sporcle, you need to verify the email address you used during registration. Go to your
Sporcle Settings
to finish the process.
Report this User
Report this user for behavior that violates our
Community Guidelines
.
Details:
Send Report
Go to the Sporcle.com Mobile Site →
Comments